000 00580cam a2200145 4500500
005 20260208002443.0
041 _afre
042 _adc
100 1 0 _aMasset, Claude
_eauthor
245 0 0 _aAlain Babadzan, Le Spectacle de la culture. Globalisation et traditionalismes en Océanie, Paris, L’Harmattan, 2009, 286 p., bibl., cartes (« Connaissance des hommes »)
260 _c2011.
500 _a62
786 0 _nL'Homme | 200 | 4 | 2011-11-01 | p. 227s-283s | 0439-4216
856 4 1 _uhttps://shs.cairn.info/revue-l-homme-2011-4-page-227s?lang=fr&redirect-ssocas=7080
999 _c1646446
_d1646446